000
00314nam a2200145Ia 4500
100
_a
Menon/M.V.G
942
_c
BK
654
_a
Materials
245
_a
Properties of Elemental Materials
260
_b
Tata Mc Graw hill
_a
Bombay
_c
1972
082
_a
546
_b
MEN
300
_a
247
546
_a
ENGLISH
999
_c
31270
_d
31270